| 000 | 00623nam a2200217Ia 4500 | ||
|---|---|---|---|
| 003 | BUBTL | ||
| 008 | 151213s9999 xx 000 0 und d | ||
| 082 | _a346.043854/MOI | ||
| 100 |
_aG.C.Mogha & J.M.Srivastava _94019 |
||
| 245 |
_aThe Indian Conveyancer _cG.C.Mogha & J.M.Srivastava |
||
| 250 | _a13th | ||
| 260 |
_aNew Delhi _bEastern Law House _cc2004 |
||
| 300 |
_a[xxxi] , 1001p . : _b22cm. |
||
| 500 | _aIncludes Index | ||
| 650 |
_aLaw _94020 |
||
| 650 |
_aLaw _94020 |
||
| 700 |
_aG.C.Mogha & J.M.Srivastava _94019 |
||
| 856 |
_k0 _l0 _yDownload |
||
| 942 |
_2ddc _cBK |
||
| 999 |
_c2238 _d2238 |
||